al-Muḥtasib fī tabyīn wujūh shawādhdh al-qirāʼāt wa-al-īḍāḥ ʻanhā /
Main Author:
Other Authors: , ,
Format: Book
Language: Arabic
Published:
al-Qāhirah :
[Dār al-Taḥrīr],
[1386- 1966- ]
Subjects:
Tags: Add Tag
Call Number: BP131.5 .I25 v.1
| LEADER | 01703nam a2200265Ia 4500 | ||
|---|---|---|---|
| 003 | OSt | ||
| 005 | 20230112121627.0 | ||
| 008 | 130303s1966 ua g 000 0 ara d | ||
| 952 | |0 0 |1 0 |2 lcc |3 V.1 |4 0 |6 BP01315 I25 V.00001 |7 1 |9 45322 |a ARCE |b ARCE |d 2023-01-12 |l 0 |o BP131.5 .I25 v.1 |p 1021244 |r 2023-01-12 00:00:00 |w 2023-01-12 |y BK | ||
| 999 | |c 29998 |d 29998 | ||
| 040 | |c ARCE Library | ||
| 050 | 4 | |a BP131.5 .I25 v.1 | |
| 100 | 1 | |6 880-01 |a Ibn Jinnī, Abū al-Fatḥ ʻUthmān, |d -1002, |e author | |
| 245 | 1 | 3 | |6 880-02 |a al-Muḥtasib fī tabyīn wujūh shawādhdh al-qirāʼāt wa-al-īḍāḥ ʻanhā / |c taʼlīf Abī al-Fatḥ ʻUthmān ibn Jinnī. Taḥqīq ʻAlī al-Najdī Nāṣif [wa-]ʻAbd al-Ḥalīm al-Najjār [wa-]ʻAbd al-Fattāḥ Ismāʻīl Shalabī. |
| 264 | 1 | |a al-Qāhirah : |b [Dār al-Taḥrīr], |c [1386- 1966- ] | |
| 300 | |a volume <1> ; |c 27 cm. | ||
| 490 | 0 | |a United Arab Republic. Majlis al-Aʻlā lil-Shuʼūn al-Islāmīyah. Lajnat Iḥyāʼ al-Turāth al-Islāmī. Kitāb ; |v 9. | |
| 630 | 0 | 0 | |a Qurʼan |x Readings. |
| 700 | 1 | |a Najjār, ʻAbd al-Ḥalīm. | |
| 700 | 1 | |a Nāṣif, ʿAlī al-Najdī. | |
| 700 | 1 | |a Shalabī, ʻAbd al-Fattāḥ Ismāʻīl. | |
| 880 | 1 | |6 100-01/(3/r |a ابن جني، أبو الفتح عثمان، |d -1002. | |
| 880 | 1 | 2 | |6 245-02/(3/r |a المحتسب في تبيين وجوه شواذ القراءات و الإيضاح عنها |c تأليف أبي الفتح عثمان بن جني ؛ تحقيق علي النجدي ناصف، عبد الحليم النجار، عبد الفتاح إسماعيل شلبي. |
| 901 | |a reviewed | ||
| 942 | |c BK |2 lcc | ||
